Sadenie stromčekov - trestuhodná činnosť ? Dedina tretieho tisícročia: hudba, tanec, klobása

Bibliographic Details
Main Author: Szabó, Slavomír, 1964- (Author)
Corporate Author: Ľudia a voda (občianske združenie : Slovensko) (Author)
Format: Article
Language:Slovak
Subjects:

MARC

LEADER 00000nab a2200000 a 4500
001 vtls000894335
003 SK-MaSNL
005 20260304225249.0
008 040720e19970408xo 0 slo
035 |a KE3369 
040 |a KEVKJB  |b slo  |c KEVKJB  |e AACR2 
041 0 |a slo 
044 |a xo  |c SK 
080 |a 502.3:061.23  |2 1981 
080 |a 061.23  |2 1981 
100 1 |a Szabó, Slavomír,  |d 1964-  |4 aut  |9 157682 
245 1 0 |a Sadenie stromčekov - trestuhodná činnosť ?  |b Dedina tretieho tisícročia: hudba, tanec, klobása 
610 2 7 |a Ľudia a voda (občianske združenie)   |2 KEVKJB  |9 79061 
650 0 7 |a životné prostredie  |2 KEVKJB  |9 786 
650 0 7 |a Dedina tretieho tisícročia v Karpatskom Euroregióne (projekt)  |2 KEVKJB  |9 1561191 
650 0 7 |a otvorenie slávnostné  |2 KEVKJB  |9 877373 
650 0 7 |a informácie  |2 KEVKJB  |9 1285 
651 7 |a Košice (Slovensko)  |2 KEVKJB  |9 18694 
651 7 |a KE,  |2 KEVKJB  |9 877256 
651 7 |a KE,  |2 KEVKJB  |9 877256 
655 7 |a periodikum  |2 snkbucl  |9 29553 
710 2 |a Ľudia a voda (občianske združenie : Slovensko)   |4 aut  |9 878641 
773 0 8 |t Košický večer  |g Roč. 8  |g Roč. 29, č.66, 8.4.1997, s. 4 
852 |a ZVYKNI  |b KIS3GCP 
999 |c 3176539  |d 3178469